书目信息 |
| 题名: |
预拌混凝土实用技术
|
|
| 作者: | 耿加会 , 周成科 , 刘志杰 主编 | |
| 分册: | ||
| 出版信息: | 北京 中国电力出版社 2021.01 |
|
| 页数: | 275页 | |
| 开本: | 26cm | |
| 丛书名: | ||
| 单 册: | ||
| 中图分类: | TU528.52 | |
| 科图分类: | ||
| 主题词: | 预搅拌混凝土--yu jiao ban hun ning tu | |
| 电子资源: | ||
| ISBN: | 978-7-5198-4524-7 | |
| 000 | 01165nam0 2200277 450 | |
| 001 | 0100028885 | |
| 005 | 20211025120159.0 | |
| 010 | @a978-7-5198-4524-7@dCNY69.00 | |
| 100 | @a20210401d2021 em y0chiy50 ea | |
| 101 | 0 | @achi |
| 102 | @aCN@b110000 | |
| 105 | @aa a 000yy | |
| 106 | @ar | |
| 200 | 1 | @a预拌混凝土实用技术@Ayu ban hun ning tu shi yong ji shu@d= Practical technology of ready-mixed concrete@f主编耿加会, 周成科, 刘志杰@zeng |
| 210 | @a北京@c中国电力出版社@d2021.01 | |
| 215 | @a275页@c图@d26cm | |
| 320 | @a有书目 (第274-275页) | |
| 330 | @a本书内容包括混凝土的发展历程与高性能化、胶凝材料、骨料、外加剂、混凝土用水、混凝土配合比设计、预拌混凝土质量控制和施工、预拌混凝土常见裂缝及缺陷等内容, 涉及面广, 对预拌混凝土原材料选用、混凝土配合比设计、预拌混凝土生产和施工具有较高的指导作用和参考价值。 | |
| 510 | 1 | @aPractical technology of ready-mixed concrete@zeng |
| 606 | 0 | @a预搅拌混凝土@Ayu jiao ban hun ning tu |
| 690 | @aTU528.52@v5 | |
| 701 | 0 | @a耿加会@Ageng jia hui@4主编 |
| 701 | 0 | @a周成科@Azhou cheng ke@4主编 |
| 701 | 0 | @a刘志杰@Aliu zhi jie@4主编 |
| 801 | 0 | @aCN@c20210909 |
| 905 | @a河南城建学院图书馆@dTU528.52@eG330 | |
| 预拌混凝土实用技术= Practical technology of ready-mixed concrete/主编耿加会, 周成科, 刘志杰.-北京:中国电力出版社,2021.01 |
| 275页:图;26cm |
| ISBN 978-7-5198-4524-7:CNY69.00 |
| 本书内容包括混凝土的发展历程与高性能化、胶凝材料、骨料、外加剂、混凝土用水、混凝土配合比设计、预拌混凝土质量控制和施工、预拌混凝土常见裂缝及缺陷等内容, 涉及面广, 对预拌混凝土原材料选用、混凝土配合比设计、预拌混凝土生产和施工具有较高的指导作用和参考价值。 |
| ● |
| 相关链接 |
|
|
|
正题名:预拌混凝土实用技术
索取号:TU528.52/G330
 
预约/预借
| 序号 | 登录号 | 条形码 | 馆藏地/架位号 | 状态 | 备注 |
| 1 | 1546199 | 215461998 | 建筑库201/201建筑库 8排3列3层/ [索取号:TU528.52/G330] | 在馆 | |
| 2 | 1546200 | 215462005 | 建筑库201/201建筑库 8排3列3层/ [索取号:TU528.52/G330] | 在馆 |